| 000 | 00000nam 2200000za 4500 |
| 001 | 9.835411 |
| 003 | CaOODSP |
| 005 | 20240327104122 |
| 007 | cr ||||||||||| |
| 008 | 170419s2016 onca o f000 0 fre d |
| 040 | |aCaOODSP|bfre |
| 043 | |an-cn--- |
| 086 | 1 |aNM95-57/10-10-2016F-PDF |
| 100 | 1 |aHartin, Debra Daly. |
| 245 | 10|aDos protecteurs pour les peintures sur toile |h[ressource électronique] / |c[rédigé par Debra Daly Hartin ; révisé par Debra Daly Hartin et le personnel du Laboratoire des beaux-arts]. |
| 250 | |aRév. 2016. |
| 260 | |a[Ottawa] : |bInstitut canadien de conservation, |cc2016. |
| 300 | |a12 p. : |bill. (certaines en coul.) |
| 490 | 1 |aNotes de l'Institut canadien de conservation (ICC), |x1928-5272 ; |v10/10 |
| 500 | |aPubl. aussi en anglais sous le titre : Backing boards for paintings on canvas. |
| 500 | |aTitre de la couv. |
| 500 | |a« Première date de publication : 1993 »--p. 2. |
| 504 | |aComprend des références bibliographiques. |
| 520 | |a« À titre de mesure de conservation préventive, toutes les peintures devraient avoir un dos protecteur. La pose d’un dos protecteur étanche sur un support auxiliaire (châssis à clés ou châssis simple) aura pour effet : de protéger le tableau contre les dommages mécaniques (par exemple, perforation et déchirure) depuis le revers; d’empêcher la saleté et les débris de s’accumuler entre la barre inférieure du support auxiliaire et la toile; de réduire les variations d’humidité relative (HR) en isolant le revers du tableau (par exemple, réduction du risque de craquelures causées par les fluctuations d’HR [dues à l’alternance du jour et de la nuit] et le faible taux d’HR); de rendre la peinture plus résistante aux chocs (par exemple, réduction du risque de craquelures si l’on échappe la toile); d’atténuer les vibrations de la toile durant le transport; de bloquer les polluants atmosphériques susceptibles d’endommager et donc d’affaiblir les supports de la toile; d’éviter la pose d’une étiquette ou l’écriture au revers de la toile »--Introd., p. 3. |
| 692 | 07|2gccst|aĹ’uvre d'art |
| 692 | 07|2gccst|aPeinture |
| 692 | 07|2gccst|aConservation |
| 710 | 1 |aCanada. |bPatrimoine canadien. |
| 710 | 2 |aInstitut canadien de conservation. |
| 775 | 08|tBacking boards for paintings on canvas |w(CaOODSP)9.835408 |
| 795 | |tDos protecteurs pour les peintures sur toile / |w(CaOODSP)9.600998 |
| 830 | #0|aNotes de l'ICC,|x1928-5272 ; |v10/10|w(CaOODSP)9.502751 |
| 856 | 40|qPDF|s946 Ko|uhttps://publications.gc.ca/collections/collection_2017/pch/NM95-57-10-10-2016-fra.pdf |